Peace, Democracy and Human Rights in Colombia

Detalles Bibliográficos
Autor principal: Galln̤ Giraldo, Gustavo
Formato: eBook
Lenguaje:inglés
Publicado: Bogot:̀ Comisin̤ Colombiana de Juristas, 2007
Materias:
Acceso en línea:Acceso restringido

MARC

LEADER 00000nam a22000007a 4500
005 2020031009169.0
007 cr|||| ||||
008 200310s2007 co |||||s|||| 00||0 eng d
020 |a 978-0-268-04409-1 
035 |a 31200 
040 |a vLex 
090 |c 10221  |d 10221 
100 1 |a Galln̤ Giraldo, Gustavo 
245 1 0 |a Peace, Democracy and Human Rights in Colombia  |h [Recurso electrn̤ico] /  |c Gustavo Galln̤ Giraldo, Christopher Welna 
256 |a Servicio en ln̕ea 
260 |a Bogot:̀  |b Comisin̤ Colombiana de Juristas,  |c 2007 
300 |a 1 recurso electrn̤ico 
506 1 |a Disponible solo en los productos indicados  |d vLex Global  |d vLex Global (Academic Edition, excluding Law Schools)  |d vLex Global (U.S. Academic Edition, Law Schools)  |d vLex Global (U.S. Academic Edition, excluding Law Schools)  |d vLex Global (Academic Edition, Law Schools) 
650 0 0 |a Derecho Internacional  |z Colombia 
740 0 |a vLex Libros (Servicio en ln̕ea) 
856 4 0 |u http://vlex.com/source/peace-democracy-human-rights-colombia-31200  |z Acceso restringido 
942 |c BOOK 
999 0 |a International right